00893 2200325 4500001002100000005001500021035002000036245003500056100003000091300003900121006001800160007000300178008004100181264003100222336002100253337003000274338002300304082000800327084001400335020001800349650001000367250001200377700004000389700004500429990002100474990001800495990001800513990001800531990001800549INLIS00000000000467420260524030320 a0010-01220003061 aTiga Puluh Nama Penghuni Surga0 aMusthofa MuradePengarang av,144 hlm. :bilus. ;c15,3x22,8cma ta260524 0  a.--jakarta :bAmzah,c2006 2rdacontentaTeks 2rdamediaaTanpa Perantara 2rdacarrieraVolume a223 a223 MUS n a979-9392-24-1 4aAgama a.-cet.2 apenerjemah, FathurrahmanePengarang apenerjemah ke-2, Eva MushoffaePengarang a6556/Arpus-PDG07 a14244/Br/2014 a14245/Br/2014 a14246/Br/2014 a14247/Br/2014